Score 0/18 Timer 06:00
2 Plays Today
% Correct
Martin Luther King
79.7%
Henry VIII
79.1%
Eliot Ness
78.5%
[Christopher] Columbus
76.4%
Al Capone
75%
[Leo] Tolstoy
70.1%
Ben[jamin] Franklin
69.5%
Nostradamus
59.4%
[William] Shakespeare
59.4%
% Correct
[Adolf] Hitler
50.8%
[Winston] Churchill
50.1%
Charles Dickens
47.1%
[Albert] Einstein
44.9%
Napoleon [Bonaparte]
44.9%
Huey [P. Newton]
43.9%
Genghis Khan
37.6%
Chairman Mao [Zedong]
37.3%
Oscar Wilde
29%
Remove Ads.
Support Sporcle.
Get the best of Sporcle when you Go Orange. This ad-free experience offers more features, more stats, and more fun while also helping to support Sporcle. Thank you for becoming a member.

You're not logged in!

Compare scores with friends on all Sporcle quizzes.
OR
Log In

Show Comments

Extras

Top Quizzes Today


Score Distribution

Your Account Isn't Verified!

In order to create a playlist on Sporcle, you need to verify the email address you used during registration. Go to your Sporcle Settings to finish the process.

Report this User

Report this user for behavior that violates our Community Guidelines.

Details: